00547 2200205 4500001002100000005001500021035002000036007000300056008004100059020002200100082001000122084001600132100002200148245003000170260003900200300004500239650001200284700002500296990002000321INLIS00000000000300620260513063001 a0010-0526000097ta260513 f 0 ind  a978-602-1286-83-8 a338.5 a338.5 HAM p1 aHamid, Edu Suandi1 aPengantar Ekonomika Makro aYogyakarta :bUPP STIM YKPN,c2019 axvi + 206 hlm. :bilus. ;c15.5 x 23 cm. 4aEkonomi0 aIlham Hasura Maulana a20260518.05.002